LEADER 04012nam 2200613Ia 450 001 9910780280503321 005 20230617012609.0 010 $a0-309-16715-9 010 $a1-282-08152-7 010 $a9786612081521 010 $a0-309-52663-9 035 $a(CKB)111069351132950 035 $a(EBL)3375787 035 $a(SSID)ssj0000181475 035 $a(PQKBManifestationID)12009024 035 $a(PQKBTitleCode)TC0000181475 035 $a(PQKBWorkID)10179401 035 $a(PQKB)11282296 035 $a(MiAaPQ)EBC3375787 035 $a(Au-PeEL)EBL3375787 035 $a(CaPaEBR)ebr10046826 035 $a(OCoLC)923258834 035 $a(EXLCZ)99111069351132950 100 $a20040213d2003 uy 0 101 0 $aeng 135 $aurcn||||||||| 181 $ctxt 182 $cc 183 $acr 200 00$aInternational perspectives$b[electronic resource] $ethe future of nonhuman primate resources : proceedings of the workshop held April 17-19, 2002 /$fInstitute for Laboratory Animal Research, National Research Council of the National Academies 210 $aWashington, D.C. $cNational Academies Press$dc2003 215 $a1 online resource (262 p.) 300 $aDescription based upon print version of record. 311 $a0-309-08945-X 320 $aIncludes bibliographical references. 327 $a""Use of Nonhuman Primates in Biomedical Research in India: Current Status and Future Prospects--A. J. Rao, PhD""""Initiative for Primate Resources, Biomedical Research, and Conservation in Nepal--Mukesh K. Chalise, PhD, MSc""; ""Chinese Primate Status and Primate Captive Breeding for Biomedical Research in China--Zhiyong Fan, MS, and Yanling Song""; ""The Breeding of Naturally Occurring B Virus-free Cynomolgus Monkeys ( Macaca fascicularis) on the Island of Mauritius--Mary Ann Stanley, BSc"" 327 $a""Primates for 21st Century Biomedicine: The St. Kitts Vervet ( Chlorocebus aethiops, SK)--Frank Ervin, MD, and Roberta Palmour""""Session 1: Panel Discussion""; ""Session 2 Conservation and Supply, Part 2""; ""Nonhuman Primates in Preclinical Research: The EU Situation--Gerhard Hunsmann, MD""; ""Providing Investigators and Vaccine Producers with Laboratory Primates in the Russian Federation--Boris A. Lapin, PhD, MD""; ""Nonhuman Primate Resource Needs: A Moving Target--Jerry Robinson, PhD, and Greg Beattie, MSc, D.A.B.T."" 327 $a""Center for the Breeding and Conservation of Primates of the Peruvian Primatology Project--Enrique Montoya, DVM""""Session 2: Panel Discussion""; ""Session 3 Nutrient Requirements of Nonhuman Primates""; ""Nutrient Requirements of Nonhuman Primates--Committee on Animal Nutrition, Board on Agriculture and Natural Resources, NRC""; ""Session 4 Genetics""; ""Nonhuman Primates in Genetic Research on Common Diseases--John L. VandeBerg, PhD, and Sarah Williams-Blangero, PhD"" 327 $a""Genetic Considerations in the Management of Captive Nonhuman Primates--Sarah Williams-Blangero, PhD, and John L. VandeBerg, PhD*""""Influence of MHC Gene Products on Immune Control of AIDS Virus Infection: Consideration for Use in Nonhuman- Primate Resources--Thomas C. Friedrich, BS, and David I. Watkins, PhD""; ""Indian- and Chinese-origin Rhesus Macaques for AIDS-related Research: Comparison of Vaginal Transmission Efficiency of Simian Immunodeficiency Virus (SIV), Viral Loads, and Virusspecific Antibody Responses--Marta L. Marthas, PhD, Ding Lu, M. C. T. Pened"" 327 $a""Session 4: Panel Discussion"" 606 $aPrimates as laboratory animals$vCongresses 606 $aAnimal rights 615 0$aPrimates as laboratory animals 615 0$aAnimal rights. 676 $a636.98 712 02$aNational Research Council (U.S.) 712 02$aInstitute for Laboratory Animal Research (U.S.) 801 0$bMiAaPQ 801 1$bMiAaPQ 801 2$bMiAaPQ 906 $aBOOK 912 $a9910780280503321 996 $aInternational Perspectives$91325468 997 $aUNINA LEADER 02430nam0 22005293i 450 001 MIL0156642 005 20251003044226.0 100 $a19930430d1981 ||||0itac50 ba 101 | $aita 102 $ait 181 1$6z01$ai $bxxxe 182 1$6z01$an 183 1$6z01$anc$2RDAcarrier 200 1 $aˆIl ‰movimento cooperativo in Italia$estoria e problemi$fGuido Bonfante, Zeffiro Ciuffoletti, Maurizio Degl'Innocenti$ga cura di Giulio Sapelli 210 $aTorino$cEinaudi$dc1981 215 $aX, 349 p.$d18 cm 225 | $aPiccola biblioteca Einaudi$v407 314 $acuratore$9CFIV008449 410 0$1001CFI0010621$12001 $aPiccola biblioteca Einaudi$v407 500 10$aˆIl ‰movimento cooperativo in Italia.$3MSE0074741$91457191 606 $aCooperazione$xItalia$x1861-1980$2FIR$3SBLC009984$9I 676 $a334$9COOPERATIVE$v11 676 $a334$9Economia. Cooperative$v14 676 $a334.094 5$9$v20 676 $a334.0945$9$v12 676 $a334.0945$9COOPERATIVE. ITALIA$v19 676 $a334.0945$9COOPERATIVE. Italia$v20 676 $a334.0945$9COOPERATIVE. Italia$v21 676 $a334.0945$9COOPERATIVE. Italia$v22 676 $a334.22$9COOPERATIVE DI CREDITO$v21 686 $aIT/X436.9$cMOVIMENTO COOPERATIVO ITALIA$2R 700 1$aBonfante$b, Guido$3CFIV048444$0140595 702 1$aSapelli$b, Giulio$3CFIV008449 702 1$aDegl'Innocenti$b, Maurizio$3CFIV015740 702 1$aCiuffoletti$b, Zeffiro$3CFIV078017 801 3$aIT$bIT-000000$c19930430 850 $aIT-BN0095 $aIT-AV0003 $aIT-AV0007 $aIT-NA0079 $aIT-NA0581 $aIT-NA0230 $aIT-BN0015 901 $bNAP AV$cSEZ. M $nSezione Moderna 901 $bNAP BN$cCAU $n$ 901 $bNAP FC$cFONDO $n$ 901 $bNAP 01$cPOZZO LIB.$nVi sono collocati fondi di economia, periodici di ingegneria e scienze, periodici di economia e statistica e altri fondi comprendenti documenti di economia pervenuti in dono. 901 $bNAP AR$cP. CICCONE$nDONAZIONE 912 $aMIL0156642 950 0$aBiblioteca Centralizzata di Ateneo$c1 v.$d 01POZZO LIB.ECON MON 7864$e 0101 0000110105E VMB 1 v. (18 cm. - Precedente collocazione: GUERRAZZI A 17)$fB $h20090616$i20090616 977 $a 01$a AR$a AV$a BN$a FC$a IR$a PB 996 $aMovimento cooperativo in Italia$91457191 997 $aUNISANNIO